000 01147nam a2200289 a 4500
001 ebr5004427
003 CaPaEBR
006 m u
007 cr cn|||||||||
008 000324s2000 pau sb 001 0 eng
010 _z 00037326
020 _z0275968928 (alk. paper)
040 _aCaPaEBR
_cCaPaEBR
035 _a(OCoLC)49870047
050 1 4 _aDS38.2
_b.S53 2000eb
082 0 4 _a909/.09/7671
_221
100 1 _aSicker, Martin.
245 1 4 _aThe Islamic world in ascendancy
_h[electronic resource] :
_bfrom the Arab conquests to the siege of Vienna /
_cMartin Sicker.
260 _aWestport, Conn. :
_bPraeger,
_c2000.
300 _avi, 232 p.
504 _aIncludes bibliographical references (p. [215]-222) and index.
533 _aElectronic reproduction.
_bPalo Alto, Calif. :
_cebrary,
_d2013.
_nAvailable via World Wide Web.
_nAccess may be limited to ebrary affiliated libraries.
651 0 _aIslamic Empire
_xHistory.
655 7 _aElectronic books.
_2local
710 2 _aebrary, Inc.
856 4 0 _uhttp://site.ebrary.com/lib/rucke/Doc?id=5004427
_zAn electronic book accessible through the World Wide Web; click to view
999 _c766
_d766